000 04408nab a2200421 i 4500
003 BR-BrBNA
005 20241220141950.0
008 241220b2015 bl.|r|pooa||| 00| 0 eng |
040 _aBR-BrBNA
_beng
072 _aL73
_b5400
072 _aL70
100 _aMaronezi, M.C.
100 _aFeliciano, M.A.R.
100 _aCrivellenti, L.Z.
100 _aBorin-Crivellenti, S.
100 _aSilva, P.E.S.
100 _aZampolo, C.
100 _aPavan, L.
100 _aGasser, B.
100 _aSimões, A.P.R.
100 _aMaciel, G.S.
100 _aCanola, J.C.
100 _a Vicente, W.R.R.
245 _aSpleen evaluation using contrast enhanced ultrasonography and Doppler in dogs with subclinical ehrlichiosis
500 _a Publicação online; 19 ref.; Summaries (En, Pt)
520 _a ABSTRACT - The aim of this study was to evaluate the splenic parenchyma of dogs with subclinical ehrlichiosis using Doppler and contrast-enhanced ultrasonography and provide reference values for this organ in affected animals. Seventeen dogs naturally infected with E. canis were selected for this study. Splenic parenchyma echotexture and echogenicity, size and borders were determined by ultrasound scan. The vascular indices of the splenic artery were determined by Doppler. SonoVue, at 0.1mL per animal, was used in microbubble contrast-enhanced ultrasonography to determine wash in, wash out and peak enhancement time in the splenic tissue. B-mode ultrasonography revealed splenomegaly with rounded borders, heterogeneous echotexture and mixed echogenicity. The vascular indices of the splenic artery were: systolic velocity of 22.59±8.07cm/s, diastolic velocity of 5.25±4.66cm/s and resistance index of 0.71±0.14; values not yet reported in Veterinary Medicine. Contrast-enhanced ultrasonography recorded wash in time of 5.31±0.7s, peak enhancement time of 18.56±2.90s and wash out time of 94.56±35.21s. The combination of conventional ultrasonography of the spleen and hemodynamic evaluation by Doppler and contrast-enhanced ultrasonography is important for the diagnosis of canine ehrlichiosis and could help monitor the clinical evolution of subclinical cases. Keywords: canine, ehrlichiosis, ultrasound
520 _a RESUMO - O objetivo deste estudo foi avaliar o parênquima esplênico de cães com erliquiose na fase subclínica, por meio do Doppler e da ultrassonografia por contraste com microbolhas. Dezessete cães naturalmente infectados por E. canis na fase subclínica foram selecionados para este estudo. Por meio da ultrassonografia, avaliou-se a ecotextura, a ecogenicidade, o tamanho e os bordos do baço e, pelo Doppler, foram determinados os índices vasculares da artéria esplênica dos cães. Para a avaliação por contraste com microbolhas, foi utilizado SonoVue, na dosagem de 0,1mL por animal, e determinou-se o tempo de entrada e saída, bem como o pico de realce no tecido esplênico. Ao exame modo-B, foram observadas esplenomegalia com presença de bordas arredondadas, ecotextura heterogênea e ecogenicidade mista do baço. Ao Doppler, foram encontrados valores para os índices vasculares da artéria esplênica: velocidade sistólica: 22,59±8,07cm/s; velocidade diastólica: 5,25±4,66cm/s; e índice de resistência: 0,71±0,14, valores ainda não descritos em veterinária. Pela ultrassonografia com contraste, observaram-se valores para wash-in de 5,31±0.7s, pico de realce de 18,56±2.90s e wash-out de 94,56±35.21s. A ultrassonografia convencional do baço de cães com erliquiose, associada com a utilização do método Doppler e a ultrassonografia contrastada, é uma importante ferramenta na triagem diagnóstica e pode auxiliar a monitoração e a evolução de animais na fase subclínica. Palavras-chave: canino, erliquiose, ultrassom
650 _aCÃO
650 _aDOENÇA ANIMAL
650 _aDIAGNÓSTICO
650 _aERLIQUIOSE
650 _aBACTÉRIA
650 _aVETERINÁRIA
773 0 _01643
_9315898
_dBelo Horizonte-MG Universidade Federal de Minas Gerais - Escola de Veterinaria 1983
_o2024-2263
_tArquivo Brasileiro de Medicina Veterinária e Zootecnia (Brazil)
_x0102-0935
_gv. 67(6) p. 1528-1532; (2015)
_wBR2024004027
856 _uhttps://www.scielo.br/j/abmvz/a/DNz9pDvNrDXXmbpdZ6YCbTg/?format=pdf&lang=en
942 _cANA
999 _c329383
_d329383